LEADER 01594nlm0 22004691i 450 001 990009236890403321 010 $a9783540314684 035 $a000923689 035 $aFED01000923689 035 $a(Aleph)000923689FED01 035 $a000923689 100 $a20100926d2005----km-y0itay50------ba 101 0 $aeng 102 $aDE 135 $adrnn-008mamaa 200 1 $aGraph-Theoretic Concepts in Computer Science$bRisorsa elettronica$e31st International Workshop, WG 2005, Metz, France, June 23-25, 2005, Revised Selected Papers$fedited by Dieter Kratsch 210 $aBerlin ; Heidelberg$cSpringer$d2005 225 1 $aLecture Notes in Computer Science$x0302-9743$v3787 230 $aDocumento elettronico 336 $aTesto 337 $aFormato html, pdf 702 1$aKratsch,$bDieter 801 0$aIT$bUNINA$gREICAT$2UNIMARC 856 4 $zFull text per gli utenti Federico II$uhttp://dx.doi.org/10.1007/11604686 901 $aEB 912 $a990009236890403321 961 $aAlgorithm Analysis and Problem Complexity 961 $aAlgorithms 961 $aAlgorithms 961 $aComputational complexity 961 $aComputer graphics 961 $aComputer Graphics 961 $aComputer science 961 $aComputer Science 961 $aComputer software 961 $aData Structures 961 $aData structures (Computer science) 961 $aDiscrete Mathematics in Computer Science 961 $aElectronic data processing 961 $aNumeric Computing 996 $aGraph-Theoretic Concepts in Computer Science$9772292 997 $aUNINA LEADER 00863nam--2200289---450 001 990003609050203316 005 20190708124724.0 010 $a0-13-061858-6 035 $a000360905 100 $a20120110d2004----km-y0itay50------ba 101 $afre 102 $aUS 105 $aa---||||001yy 200 1 $aIntrigue$elangue, culture et mystère dans le monde francophone$fElizabeth Blood, Yasmina Mobarek 210 $aUpper Saddle River$cPearson Prentice Hall$d2004 215 $aXXVI, 335 p.$cill.$d26 cm 606 0 $aLingua francese$xManuali$2BNCF 676 $a448.2421 700 1$aBLOOD,$bElizabeth$0765833 701 1$aMOBAREK,$bYasmina$0765834 801 0$aIT$bsalbc$gISBD 912 $a990003609050203316 951 $a448.242 BLO 1$b40842 Sci.$c448.242$d00333562 959 $aBK 969 $aSCI 996 $aIntrigue$91557352 997 $aUNISA